Le genre Mycena (Fries) (Record no. 10061)

MARC details
000 -LEADER
fixed length control field 00741cam a22002171 4500
001 - CONTROL NUMBER
control field agr40000611
003 - CONTROL NUMBER IDENTIFIER
control field DLC
005 - DATE AND TIME OF LATEST TRANSACTION
control field 20260227110959.0
008 - FIXED-LENGTH DATA ELEMENTS--GENERAL INFORMATION
fixed length control field 771208s1938 fr af b 000 0 fre
010 ## - LIBRARY OF CONGRESS CONTROL NUMBER
LC control number agr40000611
035 ## - SYSTEM CONTROL NUMBER
System control number (OCoLC)3471977
040 ## - CATALOGING SOURCE
Original cataloging agency DLC
Transcribing agency ViU
Modifying agency DLC
050 00 - LIBRARY OF CONGRESS CALL NUMBER
Classification number QK629.A4
Item number K82
100 1# - MAIN ENTRY--PERSONAL NAME
Personal name Kühner, Robert,
Dates associated with a name 1903-1996.
245 13 - TITLE STATEMENT
Title Le genre Mycena (Fries)
Remainder of title Étude cytologique et systématique des espèces d'Europe et d'Amérique du Nord,
Statement of responsibility, etc. par Robert Kühner. Préface du dr. René Maire.
260 ## - PUBLICATION, DISTRIBUTION, ETC.
Place of publication, distribution, etc. Paris,
Name of publisher, distributor, etc. P. Lechevalier,
Date of publication, distribution, etc. 1938.
300 ## - PHYSICAL DESCRIPTION
Extent 710 p.
Other physical details illus., 16 plates.
Dimensions 26 cm.
440 #0 - SERIES STATEMENT/ADDED ENTRY--TITLE
Title Encyclopédie mycologique,
Volume/sequential designation 10
504 ## - BIBLIOGRAPHY, ETC. NOTE
Bibliography, etc. note "Index bibliographique": p. [691]-694.
650 #0 - SUBJECT ADDED ENTRY--TOPICAL TERM
Topical term or geographic name entry element Mycenas.

No items available.

Powered by Koha